Estadísticas para AGRESSIONES I INGERENCIAS YANQUIS

Haz click aquí para intentar la prueba.

Estadísticas generales

  • Esta prueba ha sido intentada 12 veces
    (2 desde el último reinicio)
  • La puntuación promedio es 23 de 45

Estadísticas de respuestas

AñoPaís% Correcto
1979Afganistan
100%
1976Argentina
100%
1971Bolivia
100%
1973Chile
100%
1948Corea del Sur
100%
1948Costa Rica
100%
1959Cuba
100%
1898Filipinas
100%
1952Guatemala
100%
1903Honduras
100%
1991Irak
100%
1952Iran
100%
1960Laos
100%
1981Nicaragua
100%
1912Nicaragua
100%
1989Panama
100%
1949Siria
100%
2019Venezuela
100%
1959Vietnam
100%
1964Brasil
50%
1959Camboya
50%
1950China
50%
1952Egipto
50%
1949Grecia
50%
1946Japon
50%
2011Libia
50%
1918Rusia
50%
1949Albania
0%
1975Angola
0%
1981Chad
0%
1960Congo
0%
1974Etiopia
0%
1983Grenada
0%
1915Haiti
0%
1893Hawaii
0%
1957Indonesia
0%
2005Kirguistan
0%
2006Palestina
0%
1980Polonia
0%
1916Republica Dominicana
0%
1996Ruanda
0%
1887Samoa
0%
1975Timor Oriental
0%
2004Ucrania
0%
2000Yugoslavia
0%

Distribución de puntuación

Porcentaje por número respondido

Porcentaje de gente con cada puntuación

Historial de tus puntuaciones

No has intentado esta prueba desde el último reinicio